Jangan menghina

Bibliographic Details
Format: Book
Published: Kuala Lumpur : Penerbitan Fargoes , 1994
Series:Siri cerita moral KBSR (kedua)
Subjects:

MARC

LEADER 00000cam a2200000 7i4500
001 0000052863
005 20220105104158.0
008 151008
020 |a 967927599X 
090 0 0 |a PR   |b MAL 
245 0 0 |a Jangan menghina 
260 |a Kuala Lumpur :   |b Penerbitan Fargoes ,   |c 1994 
490 1 |a Siri cerita moral KBSR (kedua) 
500 |a Children age 4-6 years old (yellow) 
650 0 |a Children's stories, Malay 
999 |a 0000778526   |b Book   |c Children Collection   |e Cawangan Pontian 
999 |a 0000778527   |b Book   |c Children Collection   |e Cawangan Pontian 
999 |a 0000778528   |b Book   |c Children Collection   |e Cawangan Pontian 
999 |a 0000778529   |b Book   |c Children Collection   |e Cawangan Pontian 
999 |a 0000778530   |b Book   |c Children Collection   |e Cawangan Pontian 
999 |a 0000792384   |b Book   |c Children Collection   |e Cawangan Segamat 
999 |a 0000792387   |b Book   |c Children Collection   |e Cawangan Segamat 
999 |a 0000792388   |b Book   |c Children Collection   |e Cawangan Segamat